Nachádza finančný controlling uplatnenie aj v malých a stredných podnikoch?

Najefektívnejšie spôsoby zvyšovania konkurencieschopnosti podnikov. Efektívne riadenie malých a stredných podnikov. Podnikateľské prostredie a funkcie finančného controllingu. Význam finančného controllingu v malých a stredných podnikoch.

Guardado en:
Detalles Bibliográficos
Autor principal: Šebej, Vladimír
Otros Autores: Foltínová, Ľubica, 1975-
Formato: Capítulo de libro
Lenguaje:eslovaco
Materias:
Etiquetas: Agregar Etiqueta
Sin Etiquetas, Sea el primero en etiquetar este registro!

MARC

LEADER 00000naa$a2200000$$$4500
001 0132420
005 20240502072510.1
041 0 |a slo 
044 |a SK 
245 1 0 |a Nachádza finančný controlling uplatnenie aj v malých a stredných podnikoch?  |c Vladimír Šebej, Ľubica Foltínová 
520 |a Najefektívnejšie spôsoby zvyšovania konkurencieschopnosti podnikov. Efektívne riadenie malých a stredných podnikov. Podnikateľské prostredie a funkcie finančného controllingu. Význam finančného controllingu v malých a stredných podnikoch. 
610 2 0 |a podnik malý 
610 2 0 |a podnik stredný 
610 2 0 |a prostredie podnikateľské 
610 2 0 |a prostredie podnikové 
610 2 0 |a metódy organizácie 
610 2 0 |a metódy riadenia 
610 2 0 |a kontroling 
610 2 0 |a kontroling finančný 
610 2 0 |a konkurencieschopnosť 
100 1 |a Šebej, Vladimír 
700 1 |a Foltínová, Ľubica, 1975-